000 01923nam a22002297a 4500
001 9162
003 FISKH
005 20251126113258.0
008 251126b cb ||||| |||| 00| 0 eng d
020 _a9789995001322
040 _aFISKH
_bkhr
_cFISKH
_dFISKH
082 _a372.83
100 _aSophy , Van
245 _aសិក្សាសង្គម ថ្នាក់ទី ៥ /
_cគណះកម្មការនិពន្ធ លោកស្រី វ៉ាន់ សុភី , លោក ងិន សុតារា , លោក គង់ ហាក់ និង លោក យិន សុធា
260 _aភ្នំពេញ :
_bគ្រឹះស្ថានបោះពុម្ពនិងចែកផ្សាយ ,
_c2021.
300 _a124 pages :
_billustrations ;
_c25 cm .
520 _aសៀវភៅនេះមានរូបភាពនិងខ្លឹមសារដែលបង្ហាញពីតម្លៃសីលធម៍ វប្បធម៏ ប្រពៃណីជាតិ ប្រវត្តិសាស្រ្ត ភូមិសាស្រ្តដើម្បីអោយប្អូនៗងាយសិក្សានិងងាយអនុវត្តព្រោះប្អូនអាចធ្វើលំហាត់ ធ្វើការសន្ទនា ស្រាវជ្រាវពត៏មានប្លែកៗ និងពណ៏នាពី​ខ្លឹមសារមេរៀនដោយខ្លួនឯងបាន​ ។
520 _a“This book contains illustrations and content that present moral values, culture, national traditions, history, and geography, making it easier for students to learn and apply. Students can do exercises, engage in conversations, research different information, and describe the lesson content on their own.”
700 _aSovanna, Long
_eIllustrator
942 _2ddc
_cKHB
_n0
999 _c9162
_d9162